Hidroeléctricas en Colombia: impactos ambientales y alternativas
Saved in:
| Main Authors: | , |
|---|---|
| Format: | Bog |
| Sprog: | spansk |
| Udgivet: |
Bogotá
FEN
1986
|
| Fag: | |
| Tags: |
Tilføj Tag
Ingen Tags, Vær først til at tagge denne postø!
|
MARC
| LEADER | 00000nam a2200000 a 4500 | ||
|---|---|---|---|
| 001 | UCU2941 | ||
| 003 | CL-VaPUC | ||
| 008 | 960502e19860000CK |||||||||||||||||spa|d | ||
| 082 | 0 | 4 | |a 621.312 |b ROA |2 21 |
| 100 | 0 | |a Roa Suarez, Hernando |e author |9 359541 | |
| 700 | 0 | |a Blanco Alarcón, Astrid |e author |9 359542 | |
| 245 | 1 | 0 | |a Hidroeléctricas en Colombia: impactos ambientales y alternativas |
| 300 | |a 90 p | ||
| 942 | |c BK | ||
| 945 | |d 19960502 00:00:00 |a rleighto | ||
| 260 | |a Bogotá |b FEN |c 1986 | ||
| 650 | 0 | |a Ecología |9 258124 | |
| 650 | 0 | |a Medio ambiente |9 257625 | |
| 650 | 0 | |a Impacto ambiental |9 262796 | |
| 650 | 7 | |a PLANIFICACION AMBIENTAL |2 CL-VaPUC |9 337987 | |
| 650 | 7 | |a RECURSOS HIDROELECTRICOS |2 CL-VaPUC |9 359543 | |
| 650 | 0 | |a Recursos naturales |9 255232 | |
| 650 | 7 | |a CENTRALES HIDROELETRICAS |2 CL-VaPUC |9 359544 | |
| 650 | 0 | |a Centrales eléctricas |9 263580 | |
| 650 | 7 | |a ENERGIA HIDRAULICA |2 CL-VaPUC |9 358259 | |
| 651 | 0 | |a Colombia |9 256424 | |
| 583 | |a last modification |c 19960502 00:00:00 |k Rodrigo Vera | ||
| 999 | |c 247099 |d 247097 | ||